000 00350nam a22001457a 4500
008 180813b xxu||||| |||| 00| 0 eng d
020 _a091416807X
041 _aeng
080 _a616.120
082 _a616.120
100 _a7
101 _aKAR
245 _aThe ciba collection of medical illustrations
_cNetter.F.H
942 _2udc
_cBK
999 _c47013
_d47013